| 000 | 00759nam a2200205Ia 4500 | ||
|---|---|---|---|
| 999 |
_c54425 _d54425 |
||
| 003 | GCL | ||
| 005 | 20240530105248.0 | ||
| 008 | 140319s1986 le 000 0 ara d | ||
| 040 |
_aGCL / _cGCL |
||
| 082 | 0 | 4 |
_a239.9/ _bع خ |
| 100 | 0 | _aعبدالوهاب النجار | |
| 245 | 1 | 2 |
_aالخلفاء الراشدون / _cتاليف عبدالوهاب النجار ؛ حققة وقدم له وخرج اياتة خليل الميس |
| 260 |
_aبيروت : _bدار القلم للتراث ، _c1986. |
||
| 300 |
_a504 ص. ؛ _e24 سم. |
||
| 650 | 0 | 7 |
_aالاسلام _2qrmak |
| 650 | 0 | 7 |
_aالتاريخ الاسلامى _2qrmak |
| 650 | 0 | 7 |
_aالخلفاء الراشدون _2qrmak |
| 700 | 0 |
_aخليل الميس _eمحقق ومقدم |
|
| 942 |
_2ddc _cBK |
||